000 01493nam0a22003131 4500
001 rc\3576588
005 20130115141224.8
021 _aRU
_b[75-41027]
035 _a(NLR Aleph) 007678577
090 _a6512747
_c6512747
100 _a20130115g19741975|||y0rusy50 ca
101 0 _arus
102 _aRU
105 _ay z |||||
200 1 _aПедагогика школы
_eТеория и методика ком. воспитания школьников
_e[Учеб. пособие для студентов пед. ин-тов вторых курсов]
_fПод ред. чл.-кор. АПН СССР С.Е. Матушкина
_gМ-во просвещения РСФСР. Челяб. гос. пед. ин-т. Обл. отд-ние Пед. о-ва РСФСР
210 _aЧелябинск
_c[Челяб. пед. ин-т]
_d1974 [вып. дан 1975]
215 _a205 с.
_d19
300 _aВ огл. авт.: С.Е. Матушкин, В.А. Черкасов, М.Б. Дуранов и др.
320 _aСписки лит. в тексте
606 _aУчебно-воспитательная работа в школе
_2psbo
701 1 _aЧеркасов
_bВ. А.
701 1 _aМатушкин
_bС. Е.
_gСемен Егорович
_4340
701 1 _aДуранов
_bМ. Б.
712 0 2 _aЧелябинский пед. ин-т
_3RU\NLR\AUTH\889921270
801 0 _aRU
_bNLR
_gpsbo
801 1 _aRU
_bELAR
_2rusmarc
852 _aNLR
_j75-3/2885
942 _cBOOK
980 _aNB